000 00505nam a2200181Ia 4500
008 230718s9999 xx 000 0 und d
020 _a9788180142512
041 _aeng
082 _a629.2
_bSIN
100 _aSingh K.
_9108752
245 _aAutomobile Engineering Vol.2 + 2 Booklets
250 _a14th ed.
260 _c2018
_bStandard Publishers Distributors
300 _a728
365 _cRs.
_b425.00
700 _aSingh K.
_9108752
906 _dO:0722125-Nov-2020B:578711-Nov-2020
_cBMECH
_b722.5
999 _c351742
_d351742